Tribhuvan University Central Library

Portfolio management in Nepal: a comparative study of listed commercial banks of Nepal (Record no. 64072)

MARC details
000 -LEADER
fixed length control field 00517 a2200157 4500
008 - FIXED-LENGTH DATA ELEMENTS--GENERAL INFORMATION
fixed length control field 150917b xxu||||| |||| 00| 0 eng d
041 ## - LANGUAGE CODE
Language code of text/sound track or separate title Eng.
082 ## - DEWEY DECIMAL CLASSIFICATION NUMBER
Classification number CD6654
100 ## - MAIN ENTRY--PERSONAL NAME
Personal name Singh, Devendra Pd.
245 ## - TITLE STATEMENT
Title Portfolio management in Nepal: a comparative study of listed commercial banks of Nepal
260 ## - PUBLICATION, DISTRIBUTION, ETC. (IMPRINT)
Place of publication, distribution, etc Birgunj
Date of publication, distribution, etc 2009
502 ## - DISSERTATION NOTE
Dissertation note Dissertation
Degree type Mgmt
Name of granting institution Thakur Ram M. C.
650 ## - SUBJECT ADDED ENTRY--TOPICAL TERM
Topical term or geographic name as entry element Commercial banks
-- Decision making
-- Risk
-- Portfolio management
-- Shareholders
653 ## - INDEX TERM--UNCONTROLLED
Uncontrolled term Management
942 ## - ADDED ENTRY ELEMENTS (KOHA)
Source of classification or shelving scheme Dewey Decimal Classification
Koha item type Audio Visual Materials
Holdings
Withdrawn status Lost status Source of classification or shelving scheme Damaged status Not for loan Home library Current library Date acquired Total Checkouts Full call number Barcode Date last seen Price effective from Koha item type
    Dewey Decimal Classification     Tribhuvan University Central Library Tribhuvan University Central Library 11/15/2011   CD6654 A6302 11/15/2011 11/15/2011 Audio Visual Materials